|
|
|
|
| LEADER |
00650nam a2200253 a 4500 |
| 001 |
adlib96000001 |
| 003 |
ViArRB |
| 005 |
20151026132523.0 |
| 008 |
960221s1955 dcuabcdjdbkoqu001 0deng d |
| 020 |
|
|
|
| 022 |
|
|
|
| 040 |
|
|
|a Adlib
|
| 082 |
|
|
|a 943.7:329.15
|
| 245 |
|
|
|a Outline of the History of the CPCZ
|
| 250 |
|
|
|a 2nd rev. ed.
|
| 260 |
|
|
|a Prague
|b Orbis Press Agency
|c 1985
|
| 300 |
|
|
|a 396 p.
|
| 500 |
|
|
|a
|
| 100 |
|
|
|
| 700 |
|
|
|
| 942 |
|
|
|c BK
|6 _
|
| 653 |
|
|
|a Outline of the History
|
| 999 |
|
|
|c 50412
|d 50412
|
| 952 |
|
|
|0 0
|1 0
|4 0
|6 943732915_OUT
|7 0
|9 63281
|a UL
|b UL
|d 2010-06-19
|o 943.7:329.15 OUT
|p G0003839
|r 2010-06-19
|w 2010-06-19
|y BK
|